Catálogo público

Enciclopedia bovina / (Record no. 169447)

MARC details
000 -CABECERA
campo de control de longitud fija 01114nam a2200349Ia 4500
001 - NÚMERO DE CONTROL
campo de control Z_6203
003 - IDENTIFICADOR DEL NÚMERO DE CONTROL
campo de control CHAP
008 - DATOS DE LONGITUD FIJA--INFORMACIÓN GENERAL
campo de control de longitud fija 220113s2008 xx 000 0 und d
010 ## - NÚMERO DE CONTROL DE LA BIBLIOTECA DEL CONGRESO
Número de control de LC 169447
020 ## - NÚMERO INTERNACIONAL ESTÁNDAR DEL LIBRO
Número Internacional Estándar del Libro 978-970-32-4359-4
040 ## - FUENTE DE LA CATALOGACIÓN
Centro/agencia transcriptor CHAP
082 ## - NÚMERO DE LA CLASIFICACIÓN DECIMAL DEWEY
Número de clasificación C 636.2 G37
100 ## - ENTRADA PRINCIPAL--NOMBRE DE PERSONA
Nombre de persona Gasque Gómez, Ramón
9 (RLIN) 47235
245 ## - MENCIÓN DE TÍTULO
Título Enciclopedia bovina /
Mención de responsabilidad, etc. Ramón Gasque Gómez
260 ## - PUBLICACIÓN, DISTRIBUCIÓN, ETC.
Lugar de publicación, distribución, etc. México :
Nombre del editor, distribuidor, etc. UNAM :,
-- Facultad de Medicina Veterinaria y Zootecnia,
Fecha de publicación, distribución, etc. 2008
300 ## - DESCRIPCIÓN FÍSICA
Extensión 437 p.
500 ## - NOTA GENERAL
Nota general Este ejemplar es una impresión a color de un recurso electrónico
503 ## - NOTA DE HISTORIA BIBLIOGRÁFICA (BK CF MU) [OBSOLETO]
Nota de historia bibliográfica ej.1: Donación
504 ## - NOTA DE BIBLIOGRAFÍA, ETC.
Nota de bibliografía, etc. Bibliografía: p. 435 - 437
650 ## - PUNTO DE ACCESO ADICIONAL DE MATERIA--TÉRMINO DE MATERIA
Término de materia o nombre geográfico como elemento de entrada Alojamiento de ganado
9 (RLIN) 144126
650 ## - PUNTO DE ACCESO ADICIONAL DE MATERIA--TÉRMINO DE MATERIA
Término de materia o nombre geográfico como elemento de entrada Enfermedades del ganado vacuno
Subdivisión general Enciclopedias
9 (RLIN) 144127
650 ## - PUNTO DE ACCESO ADICIONAL DE MATERIA--TÉRMINO DE MATERIA
Término de materia o nombre geográfico como elemento de entrada Ganado bovino
Subdivisión general México
-- Enciclopedias
9 (RLIN) 144128
650 ## - PUNTO DE ACCESO ADICIONAL DE MATERIA--TÉRMINO DE MATERIA
Término de materia o nombre geográfico como elemento de entrada Producción bovina
Subdivisión general Enciclopedias
9 (RLIN) 144129
650 ## - PUNTO DE ACCESO ADICIONAL DE MATERIA--TÉRMINO DE MATERIA
Término de materia o nombre geográfico como elemento de entrada Reproducción animal
9 (RLIN) 96028
856 ## - LOCALIZACIÓN Y ACCESO ELECTRÓNICOS
Nombre del host Disponible en: http://www.fmvz.unam.mx/fmvz/e_bovina/Indice.pdf
901 ## - ELEMENTOS DE DATOS A LOCAL LDA (RLIN)
a C 636.2 G37
902 ## - ELEMENTOS DE DATOS B LOCAL, LDB (RLIN)
a M
910 ## - DATOS DE OPCIÓN DEL USUARIO (OCLC)
Datos de opción del usuario 2008
942 ## - ELEMENTOS DE PUNTO DE ACCESO ADICIONAL (KOHA)
Tipo de ítem Koha Libro_
942 ## - ELEMENTOS DE PUNTO DE ACCESO ADICIONAL (KOHA)
Tipo de ítem Koha
Holdings
Estado de retiro Estado de pérdida Fuente del sistema de clasificación o colocación Estado dañado Restricciones de uso No para préstamo Código de colección Localización permanente Ubicación/localización actual Fecha de adquisición Fuente de adquisición Signatura topográfica completa Código de barras Fecha visto por última vez Número de copia Precio válido a partir de Tipo de ítem Koha
    Dewey Decimal Classification   Préstamo interno   Consulta Zootecnia Zootecnia 25/06/2012 Donación C 636.2 G37 z_4534 18/01/2022 1 18/01/2022 Libro